Statistiques concernant Ils sont nés un 8 juillet

Cliquez ici pour prendre le quiz!

Statistiques générales

  • Ce quiz a été pris 38 fois
  • Le résultat moyen est 2 sur 5

Statistiques - réponses

Réponse% Correct
Jean de La Fontaine
80%
Mimie Mathy
77%
Claire Keim
46%
John Davison Rockefeller
23%
Kevin Bacon
20%

Distribution des résultats

Percentile par nombre de réponses

% des personnes avec chaque résultat

Votre développement - résultats

Vous n’avez pas pris ce quiz